ბათუმის შოთა რუსთაველის სახელმწიფო უნივერსიტეტის ბიბლიოთეკა

Математика для подготовительных курсов техникумов на базе 8 классов средней школы. (ბიბ.ჩანაწერი № 47992)

000 -LEADER
fixed length control field 00842nam a2200205Ia 4500
001 - CONTROL NUMBER
control field 14870
003 - CONTROL NUMBER IDENTIFIER
control field GE_BSU
008 - FIXED-LENGTH DATA ELEMENTS--GENERAL INFORMATION
fixed length control field 181216s||||||||xx |||||||||||||| ||und||
040 ## - CATALOGING SOURCE
Transcribing agency GE_BSU
080 ## - UNIVERSAL DECIMAL CLASSIFICATION NUMBER
Universal Decimal Classification number 51.(075.32)
100 ## - MAIN ENTRY--PERSONAL NAME
Personal name Баранов И.А.,Богатырев, Г.И., Боковнев, О.А.
245 ## - TITLE STATEMENT
Title Математика для подготовительных курсов техникумов на базе 8 классов средней школы.
245 ## - TITLE STATEMENT
Remainder of title Учебное пособие для сред. учеб. завед.
260 ## - PUBLICATION, DISTRIBUTION, ETC.
Place of publication, distribution, etc. Москва
260 ## - PUBLICATION, DISTRIBUTION, ETC.
Name of publisher, distributor, etc. Наука.
260 ## - PUBLICATION, DISTRIBUTION, ETC.
Date of publication, distribution, etc. 1983
300 ## - PHYSICAL DESCRIPTION
Extent 335стр. 22см.
653 ## - INDEX TERM--UNCONTROLLED
Uncontrolled term Математика для подготовительных курсов техникумов на базе 8 классов средней школы.
942 ## - ADDED ENTRY ELEMENTS (KOHA)
Koha item type წიგნი
ეგზემპლარები
Withdrawn status Lost status Damaged status Not for loan Date acquired Barcode Date last seen Price effective from Koha item type
        2018-12-17 15519 2018-12-17 2018-12-17 წიგნი